000 00323 a2200133 4500
000 nam a22 7a 4500
100 _aSingh, Mahender
110 _aSingh, Mahender
245 _aBharat Main Lok Prashashan: Dasha Aur Disha
250 _alatest edition
260 _bRBSA
_c2024
264 _bRBSA
_c2024
942 _cBK
999 _c394457
_d394457